Clubs de Ligue 2 (2024-2025) - Statistiques

Statistiques générales
  • Ce quiz a été pris 54 fois
    20 depuis la dernière actualisation
  • Le résultat moyen est 13 sur 18
Statistiques - réponses
Ligue 2 % Correct
FC Metz
92%
Paris FC
92%
AC Ajaccio
85%
En Avant Guingamp
85%
Pau FC
85%
SC Bastia
85%
Amiens
77%
FC Lorient
77%
Red Star
77%
FC Martigues
69%
Clermont
62%
Rodez
62%
SM Caen
62%
USL Dunkerque
62%
ESTAC
54%
FC Annecy
54%
Grenoble
54%
Stade Lavallois
54%
Aucun quiz correspondant
Distribution des résultats
% des personnes avec chaque résultat
Percentile par nombre de réponses
Votre historique - résultats
Vous n’avez pas pris ce quiz depuis la dernière actualisation